| 000 | 00687nam a2200241 a 4500 | ||
|---|---|---|---|
| 001 | 58889 | ||
| 003 | BD-RjUL | ||
| 005 | 20211209080652.0 | ||
| 008 | 161220s1982 ii ||||| |||| 001 0 eng d | ||
| 020 | _a0706914155 | ||
| 035 | _a(BD-RjUL)59013 | ||
| 040 |
_aBD-RjUL _beng _cBD-RjUL |
||
| 041 | _aeng | ||
| 082 |
_223 _a332.1 _bSHB 1982 |
||
| 100 |
_aShekhar, K. C. _9175123 |
||
| 245 |
_aBanking and Theory and Practice : _blaw and foreign exchange / _cK.C. Shekhar |
||
| 250 | _a7th rev. ed. | ||
| 260 |
_aNew Delhi : _bVikas Publishing House, _c1982. |
||
| 300 |
_axvii, 800 p. ; _c22 cm. |
||
| 500 | _aIncludes index | ||
| 650 |
_aBanks and Bankings _9175124 |
||
| 942 |
_2ddc _cBK |
||
| 999 |
_c58889 _d58889 |
||